LIBRARY & INFORMATION CENTRE, KCAET, TAVANUR

ONLINE PUBLIC ACCESS CATALOGUE (OPAC)

Bibliography: Indian contribution to geosynthetics / (Record no. 8867)

MARC details
000 -LEADER
fixed length control field 00509cam a2200181ua 4500
041 ## - LANGUAGE CODE
Language code of text/sound track or separate title eng
082 ## - DEWEY DECIMAL CLASSIFICATION NUMBER
Classification number 028.75624
Item number VAR/BI
100 ## - MAIN ENTRY--AUTHOR NAME
Personal name Varma, C.V.J.
245 00 - TITLE STATEMENT
Title Bibliography: Indian contribution to geosynthetics /
260 ## - PUBLICATION, DISTRIBUTION, ETC. (IMPRINT)
Place of publication New Delhi :
Name of publisher Central Board of Irrigation and Power (CBIP) ,
Year of publication 1981.
300 ## - PHYSICAL DESCRIPTION
Number of Pages 54 ; .
700 1# - ADDED ENTRY--PERSONAL NAME
Personal name R, .
700 1# - ADDED ENTRY--PERSONAL NAME
Personal name Venkatachalam, K .
700 1# - ADDED ENTRY--PERSONAL NAME
Personal name Venkatappa Rao, G .
942 ## - ADDED ENTRY ELEMENTS (KOHA)
Koha item type Books
Holdings
Withdrawn status Lost status Damaged status Home library Current library Date acquired Full call number Accession Number Koha item type
      KAUAET KAUAET 07/04/2012 028.75624 19807 Reference
free website counter